Guía de procedimientos y recursos para técnicas de investigación.

Gespeichert in:
Bibliographische Detailangaben
1. Verfasser: Dorra, Raúl (autor)
Format: Buch
Sprache:Spanisch
Schriftenreihe:(Cursos básicos para formación de profesores. Lenguaje y comunicación ; 1)
Schlagworte:
Tags: Tag hinzufügen
Keine Tags, Fügen Sie das erste Tag hinzu!

MARC

LEADER 00000nam^a2200000^u^4500
001 000517109
005 20250521000000.0
008 110407s1000^^^^^^^^^^^^r^^^^^000^0^spa^d
009 20260310130349.775
022 |a 9682409853 
035 |a FCE 000061330 
037 |a Acervo ITESO - Biblioteca 
041 |a spa 
082 0 4 |a 001.42  |b DORg 
100 |a Dorra, Raúl  |e (autor) 
245 1 0 |a Guía de procedimientos y recursos para técnicas de investigación. 
264 |a México :  |b Trillas :ANUIES,  |c 1991. 
300 |a 74 p. 
336 |a texto  |b txt  |2 rdacontenido 
337 |a sin mediación  |b n  |2 rdamedio 
338 |a volumen  |b nc  |2 rdasoporte 
440 1 |a (Cursos básicos para formación de profesores. Lenguaje y comunicación ; 1) 
649 |a XX 
650 |a Metodología de la investigación 
650 |a Documentación 
650 |a Investigación 
650 |a Redacción 
910 |a Fondo Centro de Estudios Educativos 
920 |a Impresos - Libros 
930 |a Fondos Especiales 
905 |a 133 
901 |a ALE048187  |b IT2  |c CEE  |u 20250521 
902 |a https://opac.biblio.iteso.mx/vufind/Record/000517109